Крупнейшие НЕ столичные города каждой страны мира - Statistics

General Stats
  • This quiz has been taken 16 times
  • The average score is 65 of 193
Answer Stats
Страна Города % Correct
Австралия Сидней / Мельбурн / Брисбен / Перт / Аделаида / Голд-Кост / Ньюкасл / Вуллонгонг
100%
Беларусь Гомель / Гродно / Витебск / Могилёв / Брест / Бобруйск / Барановичи / Борисов
100%
Бельгия Антверпен / Гент / Шарлеруа / Льеж / Брюгге / Намюр / Схарбек / Андерлехт
93%
Бразилия Сан-Паулу / Рио-де-Жанейро / Салвадор / Форталеза / Белу-Оризонти / Манаус / Куритиба / Ресифи
93%
Великобритания Бирмингем / Глазго / Ливерпуль / Бристоль / Манчестер / Шеффилд / Лидс / Эдинбург
93%
Германия Гамбург / Мюнхен / Кёльн / Франкфурт / Штутгарт / Дюссельдорф / Лейпциг / Дортмунд
93%
Грузия Батуми / Кутаиси / Рустави / Гори / Зугдиди / Поти / Цхинвали / Сухуми
93%
Испания Барселона / Валенсия / Севилья / Сарагоса / Магала / Мурсия / Пальма / Лас-Пальмас
93%
Польша Краков / Лодзь / Вроцлав / Познань / Гданьск / Щецин / Быдгощ / Люблин
93%
Россия Санкт-Петербург / Новосибирск / Екатеринбург / Казань / Красноярск / Нижний Новгород / Челябинск / Уфа
93%
Турция Стамбул / Измир / Бурса / Адана / Газиантеп / Анталья / Конья / Мерсин
93%
Украина Харьков / Одесса / Днепр / Львов / Кривой Рог / Николаев / Мариуполь / Винница
93%
Япония Иокогама / Осака / Нагоя / Саппоро / Кобэ / Фукуока / Киото / Сайтама
93%
Венесуэла Маракайбо / Валенсия / Баркисимето / Маракай / Сьюдад-Гуаяна / Барселона / Матурин / Кумана
86%
Израиль Тель-Авив / Хайфа / Ришон-ле-Цион / Петах-Тиква / Нетания / Беэр-Шева / Холон / Бней-Брак
86%
Италия Милан / Неаполь / Турин / Палермо / Генуя / Болонья / Флоренция / Венеция
86%
Китай Чунцин / Шанхай / Чэнду / Гуанчжоу / Гонконг / Тяньцзинь / Харбин / Нанкин
86%
Объединённые Арабские Эмираты Дубай / Шарджа / Эль-Айн / Аджман / Рас-эль-Хайма / Фуджейра / Умм-эль-Кайвайн / Хаур-Факкан
86%
Соединённые Штаты Америки Нью-Йорк / Лос-Анджелес / Чикаго / Хьюстон / Финикс / Филадельфия / Сан-Диего / Даллас
86%
Франция Марсель / Лион / Тулуза / Ницца / Нант / Страсбург / Монпелье / Бордо
86%
Черногория Никшич / Плевля / Биело-Поле / Херцег-Нови / Бар / Цетине / Будва / Даниловград
86%
Казахстан Алма-Ата / Шымкент / Актобе / Караганда / Тараз / Усть-Каменогорск / Павлодар / Атырау
79%
Канада Торонто / Монреаль / Ванкувер / Калгари / Эдмонтон / Миссисога / Виннипег / Брамптон
79%
Нидерланды Роттердам / Гаага / Утрехт / Эйндховен / Тилбург / Гронинген / Харлем / Маастрихт
79%
Эстония Тарту / Нарва / Пярну / Кохтла-Ярве / Раквере / Маарду / Курессааре / Силламяэ
79%
Австрия Грац / Линц / Зальцбург / Инсбрук / Клагенфурт-ам-Вёртерзе / Филлах / Вельс / Санкт-Пёльтен
71%
Португалия Вила-Нова-ди-Гая / Порту / Лореш / Брага / Матозиньюш / Амадора / Фуншал / Сетубал
71%
Узбекистан Наманган / Самарканд / Андижан / Нукус / Фергана / Бухара / Коканд / Термез
71%
Швейцария Цюрих / Женева / Базель / Лозанна / Винтертур / Люцерн / Санкт-Галлен / Невшатель
71%
Азербайджан Гянджа / Сумгаит / Мингечевир / Хырдалан / Ленкорань / Нахичевань / Ширван / Ханкенди
64%
Египет Александрия / Эль-Гиза / Шубра-эль-Хейма / Порт-Саид / Суэц / Эль-Мансура / Махалла-эль-Кубра / Хелуан
64%
Кипр Лимасол / Ларнака / Строволос / Лакатамия / Пафос / Като-Полемидия / Агландзия / Арадипу
64%
Кот-д'Ивуар Абиджан / Буаке / Далоа / Корого / Ман / Сан-Педро / Ганьоа / Диво
64%
Литва Каунас / Клайпеда / Шяуляй / Паневежис / Алитус / Мариямполе / Мажейкяй / Ионава
64%
Лихтенштейн Шан / Тризен / Бальцерс / Эшен / Маурен / Тризенберг / Руггелль / Гамприн
64%
Таиланд Кхонкэн / Чиангмай / Нонтхабури / Хатъяй / Сураттхани / Паттайя / Пхукет / Самуи
64%
Того Сокоде / Кара / Кпалиме / Атакпаме / Басар / Цевие / Анехо / Манго
64%
Чехия Брно / Острава / Пльзень / Пардубице / Оломоуц / Ческе-Будеёвице / Градец-Кралове / Усти-над-Лабем
64%
Афганистан Кандагар / Герат / Мазари-Шариф / Джелалабад / Кундуз / Лашкаргах / Шибарган / Пули-Хумри
57%
Болгария Пловдив / Варна / Бургас / Русе / Стара-Загора / Плевен / Сливен / Добрич
57%
Вьетнам Хошимин / Дананг / Хайфон / Кантхо / Бьенхоа / Туанан / Винь / Хюэ
57%
Греция Салоники / Патры / Пирей / Лариса / Ираклион / Перистерион / Калитея / Глифада
57%
Кыргызстан Ош / Манас / Каракол / Токмак / Кызыл-Кия / Узген / Балыкчи / Таш-Кумыр
57%
Латвия Даугавпилс / Лиепая / Елгава / Юрмала / Вентспилс / Резекне / Валмиера / Огре
57%
Марокко Касабланка / Марракеш / Фес / Танжер / Агадир / Сале / Мекнес / Кенитра
57%
Молдова Бельцы / Тирасполь / Бендеры / Рыбница / Унгены / Дурлешты / Дубоссары / Кагул
57%
Пакистан Карачи / Лахор / Фейсалабад / Равалпинди / Мултан / Гуджранвала / Хайдарабад / Пешавар
57%
Швеция Гётеборг / Мальмё / Уппсала / Линчёпинг / Эребру / Вестерос / Хельсингборг / Йёнчёпинг
57%
Армения Гюмри / Ванадзор / Вагаршапат / Абовян / Капан / Раздан / Армавир / Масис
50%
Индия Мумбаи / Бангалор / Хайдарабад / Ахмадабад / Ченнаи / Калькутта / Пуна / Сурат
50%
Иран Мешхед / Кередж / Тебриз / Шираз / Исфахан / Ахваз / Кум / Керманшах
50%
Ливан Триполи / Сайда / Баабда / Эн-Набатия / Сур / Захла / Джуния / Библ
50%
Новая Зеландия Окленд / Крайстчёрч / Гамильтон / Данидин / Тауранга / Лоуэр-Хатт / Нью-Плимут / Фангареи
50%
Норвегия Берген / Тронхейм / Ставангер / Драммен / Кристиансанн / Фредрикстад / Будё / Саннвика
50%
Республика Корея Пусан / Инчхон / Тэгу / Тэджон / Кванджу / Сувон / Ульсан / Чханвон
50%
Саудовская Аравия Джидда / Мекка / Медина / Эт-Таиф / Эд-Даммам / Табук / Эль-Хуфуф / Хамис-Мушайт
50%
Албания Дуррес / Эльбасан / Влёра / Камза / Шкодер / Фиери / Корча / Берат
43%
Босния и Герцеговина Баня-Лука / Тузла / Зеница / Мостар / Биелина / Брчко / Бихач / Приедор
43%
Венгрия Дебрецен / Сегед / Мишкольц / Печ / Дьёр / Ньиредьхаза / Кечкемет / Секешфехервар
43%
Ирландия Корк / Лимерик / Голуэй / Уотерфорд / Дроэда / Дандолк / Наван / Брей
43%
Йемен Аден / Ходейда / Таизз / Ибб / Дамар / Эль-Мукалла / Амран / Эш-Шихр
43%
Куба Сантьяго-де-Куба / Ольгин / Камагуэй / Санта-Клара / Баямо / Гуантанамо / Лас-Тунас / Сьенфуэгос
43%
Мальта Биркиркара / Моста / Корми / Заббар / Сент-Полс-Бей / Слима / Сан-Гванн / Нашшар
43%
Мьянма Янгон / Мандалай / Пхаан / Моламьяйн / Пегу / Таунджи / Мьичина / Мьей
43%
Нигерия Лагос / Кано / Ибадан / Бенин-Сити / Аба / Порт-Харкорт / Майдугури / Зариа
43%
Румыния Клуж-Напока / Яссы / Констанца / Тимишоара / Брашов / Крайова / Галац / Плоешти
43%
Сирия Алеппо / Хомс / Даръа / Дайр-эз-Заур / Хама / Латакия / Эль-Хасака / Идлиб
43%
Сомали Харгейса / Буръо / Босасо / Беледуэйне / Бербера / Байдабо / Галькайо / Борама
43%
Сьерра-Леоне Кенема / Бо / Сефаду / Макени / Уотерлу / Порт-Локо / Лунсар / Магбурака
43%
Танзания Дар-эс-Салам / Занзибар / Мванза / Аруша / Мбея / Морогоро / Танга / Кигома
43%
Туркменистан Туркменабад / Дашогуз / Мары / Балканабад / Туркменбаши / Байрамали / Кёнеургенч / Гарабекевюл
43%
Дания Орхус / Оденсе / Ольборг / Эсбьерг / Раннерс / Колдинг / Хорсенс / Вайле
36%
Замбия Китве-Нкана / Ндола / Ливингстон / Кабве / Чингола / Муфулира / Луаншья / Чипата
36%
Ливия Бенгази / Тархуна / Мисурата / Эз-Завия / Сабха / Эль-Бада / Гарьян / Тобрук
36%
Мексика Тихуана / Экатепек-де-Морелос / Леон-де-лос-Альдама / Пуэбла-де-Сарагоса / Сьюдад-Хуарес / Гвадалахара / Монтеррей / Чиуауа
36%
Монголия Эрдэнэт / Дархан / Чойбалсан / Мурэн / Налайх / Улгий / Арвайхээр / Баянхонгор
36%
Сербия Нови-Сад / Ниш / Крагуевац / Суботица / Панчево / Чачак / Кралево / Лесковац
36%
Словения Марибор / Целе / Крань / Нова-Горица / Веленье / Ново-Место / Птуй / Есенице
36%
Судан Омдурман / Северный Хартум / Ньяла / Порт-Судан / Эль-Обейд / Кассала / Медани / Гедареф
36%
Финляндия Эспоо / Тампере / Вантаа / Оулу / Турку / Йювяскюля / Лахти / Йоэнсуу
36%
Шри-Ланка Коломбо / Негомбо / Канди / Бандаравела / Моратува / Калмунай / Тринкомали / Баттикалоа
36%
Эквадор Гуаякиль / Куэнка / Санто-Доминго / Мачала / Дуран / Манта / Портовьехо / Лоха
36%
Южно-Африканская Республика Йоханнесбург / Дурбан / Соуэто / Гебеха / Порт-Элизабет / Питермарицбург / Тембиса / Крюгерсдорп
36%
Бутан Пхунчхолинг / Гелепху / Самдруп-Джонгхар / Вангди-Пходранг / Пунакха / Паро / Трашиганг / Дагана
29%
Вануату Люганвиль / Лонгана / Норсап / Меле / Порт-Олри / Исангел / Сола / Лакаторо
29%
Индонезия Сурабая / Бандунг / Бекаси / Медан / Тангеранг / Депок / Семаранг / Палембанг
29%
Исландия Коупавогюр / Хабнарфьордюр / Акюрейри / Кеблавик / Сельфосс / Гардабайр / Мосфедльбайр / Акранес
29%
Кабо-Верде Минделу / Санта-Мария / Педра-Бадежу / Эшпаргуш / Асомада / Сан-Филип / Таррафал / Порто-Ново
29%
Камбоджа Сиемреап / Такмау / Баттамбанг / Сисопхон / Пойпет / Сиануквиль / Кампонгтям / Кампонгспы
29%
Кения Момбаса / Накуру / Руиру / Эльдорет / Кисуму / Кикую / Тайка / Найваша
29%
Колумбия Медельин / Кали / Барранкилья / Картахена / Кукута / Соледад / Ибаге / Букараманга
29%
Корейская Народно-Демократическая Республика Хамхын / Чхонджин / Нампхо / Вонсан / Танчхон / Кэсон / Синыйджу / Расон
29%
Косово Призрен / Гнилане / Печ / Косовска-Митровица / Урошевац / Джяковица / Вучитрн / Подуево
29%
Лесото Мафетенг / Хлоце / Мапуцое / Мохалес-Хук / Теятеяненг / Бута-Буте / Кутинг / Цгачас-Нек
29%
Люксембург Эш-сюр-Альзетт / Дифферданж / Дюделанж / Петанж / Бельво / Нидеркорн / Штайнфорт / Эхтернах
29%
Перу Арекипа / Трухильо / Чиклайо / Пьюра / Уанкайо / Куско / Икитос / Пукальпа
29%
Хорватия Сплит / Риека / Осиек / Задар / Велика-Горица / Славонски-Брод / Дубровник / Запрешич
29%
Экваториальная Гвинея Бата / Эбебийин / Аконибе / Анисок / Эвинайонг / Ребола / Луба / Монгомо
29%
Южный Судан Вау / Малакаль / Ямбио / Рага / Авейль / Мариди / Бентиу / Ей
29%
Ангола Кабинда / Уамбо / Лубанго / Бенгела / Маланже / Сауримо / Лобиту / Куито
21%
Антигуа и Барбуда Олл-Сэйнтс / Либерта / Поттерс-Виллидж / Боланс / Светес / Сивью-Фарм / Пархэм / Пигготс
21%
Аргентина Кордова / Росарио / Мендоса / Сан-Мигель-де-Тукуман / Ла-Плата / Мар-дель-Плата / Сальта / Сан-Хуан
21%
Бангладеш Читтагонг / Нараянгандж / Кхулна / Раджшахи / Фаридпур / Силхет / Барисал / Тонги
21%
Белиз Белиз-Сити / Сан-Игнасио / Сан-Педро / Ориндж-Уолк / Коросаль / Дангрига / Пунта-Горда / Бенке-Вьехо-дель-Кармен
21%
Бруней Куала-Белайт / Сенгкуронг / Лумут / Сериа / Тутонг / Джерудонг / Кампонг-Ментири / Муара
21%
Бурунди Бужумбура / Нгози / Румонге / Чибитоге / Каянза / Бубанза / Гатумба / Карузи
21%
Демократическая Республика Конго Лулумбаши / Мбужи-Майи / Кисангани / Кананга / Гома / Букаву / Ликаси / Колвези
21%
Ирак Эрбиль / Мосул / Басра / Киркук / Сулеймания / Кербела / Эн-Наджаф / Насирия
21%
Катар Эр-Райян / Эш-Шахания / Эль-Вакра / Эль-Хаур / Умм-Салаль / Лусаил / Аль-Даайен / Умм-Саид
21%
Науру Ариджежен / Денигомоду / Менен / Боэ / Байци / Нибок / Анабар / Уабоэ
21%
Непал Лалитпур / Покхара / Биратнагар / Бхаратпур / Биргандж / Бутвал / Дхаран / Дхангадхи
21%
Никарагуа Леон / Чинандега / Эстели / Матагальпа / Масая / Гранада / Сьюдад-Сандино / Типитапа
21%
Руанда Рубаву / Мусанзе / Хуе / Муханга / Чьянгуну / Бьюмба / Ньянза / Рвамагана
21%
Тувалу Ваику / Асау / Лоуа / Сававе / Куа / Танраке / Тонга / Фангауа
21%
Тунис Сус / Сфакс / Бизерта / Монастир / Эт-Тадамун / Кайруан / Габес / Арьяна
21%
Филиппины Кесон-Сити / Давао / Калоокан / Себу / Замбоанга / Антиполо / Каламба / Пасиг
21%
Эсватини Манзини / Биг-Бенд / Малкернс / Нхлангано / Мхлуме / Ситеки / Пигс-Пик / Лобамба
21%
Ямайка Портмор / Спэниш-Таун / Монтего-Бей / Морант-Бей / Мандевилл / Блэк-Ривер / Очо-Риос / Порт-Ройал
21%
Алжир Оран / Константина / Джельфа / Батна / Сетиф / Беджая / Аннаба / Блида
14%
Андорра Эскальдес-Энгордань / Энкамп / Сан-Жулиа-де-Лория / Ла-Масана / Санта-Колома / Ордино / Канильо / Пас-де-ла-Каса
14%
Багамские острова Фрипорт / Уэст-Энд / Куперс-Таун / Марш-Харбор / Фритаун / Хай-Рок / Андрос-Таун / Кларенс-Таун
14%
Бенин Котону / Параку / Годомей / Абомбей-Калави / Джугу / Бохикон / Экле / Абомбей
14%
Боливия Санта-Крус-де-ла-Сьерра / Эль-Альто / Кочабамба / Оруро / Тариха / Потоси / Сакаба / Кильякольо
14%
Гайана Нью-Амстердам / Линден / Вред-эн-Хуп / Парадайс / Голден-Гроув / Анна-Реджина / Летем / Бартика
14%
Гамбия Серекунда / Брикама / Талиндинг / Бандунг / Сукута / Фарафенни / Бакау / Нема-Кунку
14%
Гренада Гоуйяв / Гренвилл / Виктория / Сент-Дэвидс / Соутерс / Хиллсборо / Белмонт / Гранд-Рой
14%
Зимбабве Булавайо / Читунгвиза / Мутаре / Гверу / Эпворт / Квекве / Кадома / Марондера
14%
Камерун Дуала / Гаруа / Баменда / Бафуссам / Маруа / Нгаундере / Кумба / Нконгсамба
14%
Кирибати Табурао / Бонрики / Баирики / Бетио / Темарая / Эйта / Утироа / Раваннави
14%
Коста-Рика Лимон / Либерия / Алахуэла / Пунтаренас / Эредия / Картаго / Филадельфия / Сан-Рафаэль
14%
Лаос Паксе / Саваннакхет / Тямпатсак / Сайнябули / Самныа / Луангпхабанг / Пхонсван / Паксан
14%
Мадагаскар Туамасина / Анцирабе / Махадзанга / Фианаранцуа / Тулиара / Анциранана / Андоани / Самбава
14%
Намибия Рунду / Уолфиш-Бей / Ошакати / Свакопмунд / Гобабис / Катимо-Мулило / Очиваронго / Ондангва
14%
Словакия Кошице / Прешов / Жилина / Нитра / Банска-Бистрица / Трнава / Тренчин / Попрад
14%
Суринам Лелидорп / Ньив-Никкери / Мунго / Ньив-Амстердам / Мариенбург / Вагенинген / Албина / Гронинген
14%
Таджикистан Худжанд / Бохтар / Истаравшан / Куляб / Исфара / Пенджикент / Турсунзаде / Канибадам
14%
Тайвань Синьбэй / Тайчжун / Гаосюн / Тайнань / Таоюань / Синьчжу / Цзилун / Цзяи
14%
Чили Пуэнте-Альто / Антофагаста / Винья-дель-Мар / Сан-Бернардо / Вальпараисо / Темуко / Кокимбо / Ла-Серена
14%
Эфиопия Дыре-Дауа / Бахр-Дар / Гондэр / Ауаса / Мэкэле / Дэссе / Назрет / Дэбрэ-Зэйт
14%
Барбадос Ойстинс / Спейтстаун / Батшеба / Хоултаун / Крейн / Крэб-Хилл / Блэкманс / Гринлэнд
7%
Бахрейн Мухаррак / Эр-Рифа / Мадинат-Хамад / Аали / Мадинат-Иса / Будайя / Ситра / Джидхафс
7%
Ботсвана Франсистаун / Молепололе / Могодитшане / Маун / Селеби-Пхикве / Серове / Канье / Махалапье
7%
Буркина-Фасо Бобо-Диуласо / Кидугу / Уахигуя / Банфора / Пуйтенга / Кая / Фада-Нгурма / Тенкодого
7%
Восточный Тимор Баукау / Мальяна / Лоспалос / Саме / Панте-Макасар / Суаи / Глену / Викеке
7%
Габон Порт-Жантиль / Франсвиль / Моанда / Оем / Ламбарене / Муила / Чибанга / Куламуту
7%
Гаити Карфур / Дельма / Кап-Аитьен / Петьонвиль / Гонаив / Круа-де-Буке / Порт-де-Пе / Сен-Марк
7%
Гана Тамале / Кумаси / Болгатанга / Ашаиман / Кейп-Кост / Секонди-Такоради / Обуаси / Тема
7%
Гватемала Миско / Вилья-Нуэва / Кесальтенанго / Кобан / Эскуинтла / Сан-Хуан-Сакатепекес / Чимальтенанго / Сан-Мигель-Петапа
7%
Гвинея Нзерекоре / Киндиа / Канкан / Манеа / Боке / Кисидугу / Гекеду / Маму
7%
Гвинея-Бисау Фарим / Кимьянел / Габу / Бафата / Канчуго / Бисоран / Катио / Болама
7%
Гондурас Сан-Педро-Сула / Чолома / Ла-Сейба / Данли / Эль-Прогресо / Чолутека / Комаягуа / Хутикальпа
7%
Джибути Али-Сабих / Дикиль / Обок / Таджура / Арта / Ариоли / Али-Аддэ
7%
Доминика Аткинсон / Портсмут / Кейнсфилд / Мариго / Сент-Джозеф / Мао / Берекуа / Солсбери
7%
Доминиканская Республика Сантьяго-де-лос-Трейнта-Кабальерос / Лос-Алькаррисос / Игуэй / Консепсьон-де-ла-Вега / Сан-Кристобаль / Ла-Романа / Сан-Педро-де-Макорис / Мока
7%
Иордания Эз-Зарка / Ирбид / Ар-Русайфа / Вади-эс-Сир / Акаба / Эр-Рамта / Сувейлех / Эс-Салт
7%
Коморские острова Муцамуду / Фомбони / Домони / Уани / Миронтси / Тсимбео / Онгужу / Сима
7%
Кувейт Хавалли / Эль-Фарвания / Эль-Финтас / Эль-Джахра / Джануб-эль-Кувейт / Манкаф / Мубарак аль-Кабир / Эс-Сулайбихат
7%
Либерия Ганта / Бьюкенен / Гбарнга / Каката / Зверду / Харбел / Плибо / Фойа
7%
Мавритания Нуадибу / Киффа / Мбера / Каэди / Зуэрат / Россо / Селибаби / Атар
7%
Малави Блантайр / Мзузу / Зомба / Каронга / Касунгу / Мангоче / Салима / Ливонде
7%
Малайзия Себеранг-Пераи / Субанг-Джая / Джорджтаун / Джохор-Бару / Ипох / Шах-Алам / Серембан / Петалинг-Джая
7%
Мали Сикасо / Мопти / Кутиала / Каес / Сегу / Маркала / Гао / Кати
7%
Мальдивы Хидхатхоо / Фувахмулах / Кулхудуффуши / Виллингили / Тхинадхоо / Наифару / Хиннавару / Унгоофаару
7%
Маршалловы острова Эбейе / Даррит / Делап / Райрок / Лора / Улига / Аджелтэйк / Энубирр
7%
Мозамбик Матола / Нампула / Бейра / Шимойо / Келимане / Тете / Накала / Лишинга
7%
Нигер Зиндер / Маради / Тахуа / Агадес / Арлит / Досо / Бирнин-Конни / Гая
7%
Палау Корор / Аираи / Бкулангрилл / Корор / Нгеткиб / Меюнс / Улиманг / Менгелланг
7%
Сальвадор Сояпанго / Мехиканос / Сан-Мигель / Санта-Ана / Апопа / Кускатансинго / Колон / Кесальтепеке
7%
Сан-Марино Серравалле / Борго-Маджоре / Аккуавива / Кьезануова / Доманьяно / Фаэтано / Фьорентино / Монтеджардино
7%
Сент-Винсент и Гренадины Джорджтаун / Байера-Виллидж / Биабу / Берруалье / Порт-Элизабет / Шатоблер / Лею / Доверс
7%
Соломоновы острова Маланго / Ауки / Тандаи / Гизо / Норо / Мунда / Киракира / Лата
7%
Тринидад и Тобаго Чагуанас / Сан-Фернандо / Арима / Кува / Пойнт-Фортин / Принсес-Таун / Диего-Мартин / Сан-Хуан
7%
Федеративные Штаты Микронезии Вено / Нетт / Китти / Колония / Пингелап / Мадоленимв / Румунг / Валунг
7%
Фиджи Насину / Нанди / Лаутока / Ламбаса / Наусори / Сингатока / Мба / Савусаву
7%
Маврикий Вакоа-Феникс / Бо-Бассен-Роз-Хилл / Кьюрпайп / Катр-Борн / Триори / Гудлендс / Бель-Эр / Бамбу
0%
Оман Эс-Сиб / Халала / Баушар / Матрах / Сур / Назва / Кураят / Эль-Хасаб
0%
Панама Сан-Мигелито / Лас-Кумбрес / Ла-Чоррера / Токумен / Пакора / Аррайхан / Виста-Аллегре / Давид
0%
Папуа-Новая Гвинея Лаэ / Менди / Вевак / Маунт-Хаген / Горока / Дару / Кавиенг / Ванимо
0%
Парагвай Сьюдад-эль-Эсте / Сан-Лоренсо / Педро-Хуан-Кабальеро / Луке / Капиата / Ламбаре / Фернандо-де-ла-Мора / Консепсьон
0%
Республика Конго Пуэнт-Нуар / Лубомо / Нкайи / Лоанго / Весо / Мадингу / Овандо / Гамбома
0%
Самоа Ваителе / Фалеасиу / Леауваа / Ваилеле / Сиусега / Фалеула / Ваиусу / Малие
0%
Сан-Томе и Принсипи Санту-Амару / Невеш / Сантана / Триндади / Сан-Жуан-дуз-Анголареш / Пантуфу / Санта-Круш / Гуадалупи
0%
Северная Македония Тетово / Куманово / Битола / Прилеп / Струмица / Велес / Штип / Гостивар
0%
Сейшельские острова Де-Куинси / Анс-Буало / Анс-Вольбер / Бо-Валлон / Анс-Ройяль / Беломбр / Каскад / Машабе
0%
Сенегал Туба / Тиес / Мбур / Зигиншор / Каолак / Сен-Луи / Диурбель / Тамбакунда
0%
Сент-Китс и Невис Сэнди-Пойнт-Таун / Фигтри / Маркет-Шоп / Сент-Пол-Капистер / Мидл-Айленд / Никола-Таун / Тринити / Олд-Роуд-Таун
0%
Сент-Люсия Бизе / Росо / Вьё-Фор / Мику / Суфриер / Деннери / Прален / Канари
0%
Тонга Муа / Неиафу / Хавелолото / Ваини / Тофоа-Колоа / Пангаи / Охонуа / Хихифо
0%
Уганда Касесе / Кира / Мбале / Гулу / Лира / Джинджа / Мбарара / Энтеббе
0%
Уругвай Сальто / Сьюдад-де-ла-Коста / Пайсанду / Лас-Пьедрас / Ривера / Мальдонадо / Такуарембо / Мело
0%
Центрально-Африканская Республика Бимбо / Карно / Берберати / Бамбари / Босангоа / Буар / Бангасу / Зонго
0%
Чад Мунду / Сарх / Абеше / Фая-Ларжо / Кумра / Кело / Монго / Ам-Тиман
0%
Эритрея Кэрэн / Акордат / Дэкэмхаре / Мэндэфэра / Тэсэнэй / Адди-Кэйих / Массауа / Асэб
0%
No matching quizzes found
Score Distribution
Percent of People with Each Score
Percentile by Number Answered
Your Score History
You have not taken this quiz